000 00977nam a22002897a 4500
001 6259
003 FISKH
005 20250407132209.0
008 250407b cb ||||| |||| 00| 0 eng d
020 _a9780440228103
040 _aFISKH
_beng
_cFISKH
_dFISKH
050 _a PZ7.B43912 Z
082 _a011.62
100 _aBennett, Cherie
_d(1960-)
245 _aZink /
_cCherie Bennett
250 _aThis edition first published in 1999
260 _aNew York :
_bA Yearling Book,
_c1999
300 _a243 pages :
_c20 cm
505 _aN
520 _aWith the help of a trio of zebras from the Serengeti, sixth-grader Becky faces her battle with leukemia, her family's fears for her, her competition with a hypocritical classmate, and the possibility that she might die.
521 8 _a580
_bLexile
521 8 _aN
_bRaz-Plus
650 _2Realistic fiction
_aPast-library
650 _2Fiction Animal
_aReread-mult
942 _2ddc
_cBK
_n0
999 _c6259
_d6259